1363 1665 1302 1153 1860 1949 1334 1555 1718 1298 1855 1214 1517 1940 1173 1840 1915 1744 1031 1203 1296 1052 1107 1598 1958 1554 1581 1728 1730 1160 1271 1440 1504 1401 1081 1426 1756 1008 1086 1690 1502 1856 1011 1181 1252 1643 1342 1709 1266 1381 1715 1725 1285 1335 1339 1415 1268 1924 1856 1019 1447 1631 1745 1635 1450 1359 1823 1637 1817 1479 1996 1998 1165 1543 1026 1127 1224 1263 1098 1981 1915 1714 1423 1845 1321 1397 1218 1581 1315 1403 1685 1816 1289 1878 1977 1935 1198 1628 1999 BCNSPRNW ULIB Ver.6.0+V

เปลี่ยนเป็นภาษาไทย

Change to English
 แสดงรายละเอียดบรรณานุกรม
  กลับหน้าหลัก

Brief Record : Get Marc (ISO 2709) : E-mail record : QR code < ปิดหน้าต่าง
LEADER : 00000nam 2200000uu 4500
001    13399111954
003     ULIB
008    110712s2546||||th 000 0 tha d
020    9744840323
050  4 DS589.T71^bก278ต 2546
100 0  กฤษกร วงศ์กรวุฒิ
245 10 ตรัง/^cกฤษกร วงศ์กรวุฒิ
260    กรุงเทพฯ :^bสารคดี,^c[2546]
300    204 หน้า :^bภาพประกอบ, แผนที่ :^c21 ซม.
490 0  "นายรอบรู้" นักเดินทาง
651  7 ไทย (ภาคใต้)^xความเป็นอยู่และประเพณี
651  7 ไทย (ภาคใต้)^xภูมิประเทศและการท่องเที่ยว
651  7 ตรัง^xความเป็นอยู่และประเพณี
651  7 ตรัง^xภูมิประเทศและการท่องเที่ยว
651  7 ตรัง^xโบราณสถาน
945    ^p95^l0^i015883
995    ทศพร
999 ^a ใช้งานได้ทุกระบบ
รายการนี้ยังไม่มีแท็ก
คุณยังไม่ได้ล็อกอิน คุณสามารถมีกิจกรรมร่วมกับเว็บไซต์ได้ แต่ต้องล็อกอินก่อน ::
  ล็อกอิน

รายการสื่อสารสนเทศ

ลำดับที่ ประเภท เลขเรียก/บาร์โค้ด สถานที่ สถานะ
- ไม่พบข้อมูล -

รายการใกล้เคียง
    ผู้แต่ง [กฤษกร วงศ์กรวุฒิ]

BibComment


ยังไม่เคยถูกคอมเมนท์

คอมเมนท์ทรัพยากรรายการนี้
  คอมเมนท์: ตรัง กฤษกร วงศ์กร..


 Copyright 2026. Bcnsprnw @Library